Опыт экономического развития и современного подъема Китая; Инновационные технологии и экономика в машиностроении

Dades bibliogràfiques
Parent link:Инновационные технологии и экономика в машиностроении.— 2013.— [С. 456-458]
Autor principal: Трифонов В. А. Владимир Александрович
Autor corporatiu: Национальный исследовательский Томский политехнический университет (ТПУ) Юргинский технологический институт (филиал) (ЮТИ) Кафедра экономики и автоматизации систем управления (ЭАСУ)
Sumari:Заглавие с титульного листа.
Idioma:rus
Publicat: 2013
Col·lecció:Автоматизация и информатизация, экономика и менеджмент на предприятии
Matèries:
Accés en línia:http://www.lib.tpu.ru/fulltext/c/2013/C30/124.pdf
Format: MixedMaterials Electrònic Capítol de llibre
KOHA link:https://koha.lib.tpu.ru/cgi-bin/koha/opac-detail.pl?biblionumber=606269

MARC

LEADER 00000naa2a2200000 4500
001 606269
005 20231102023005.0
035 |a (RuTPU)RU\TPU\conf\3648 
035 |a RU\TPU\conf\3646 
090 |a 606269 
100 |a 20140526d2013 k y0rusy50 ca 
101 0 |a rus 
102 |a RU 
105 |a a z 100zy 
135 |a drcn ---uucaa 
181 0 |a i  
182 0 |a b 
200 1 |a Опыт экономического развития и современного подъема Китая  |f В. А. Трифонов 
203 |a Текст  |c электронный 
215 |a 1 файл (260 Кб) 
225 1 |a Автоматизация и информатизация, экономика и менеджмент на предприятии 
230 |a Электронные текстовые данные (1 файл : 260 Кб) 
300 |a Заглавие с титульного листа. 
320 |a [Библиогр.: с. 458 (4 назв.)] 
337 |a Adobe Reader 
463 1 |0 (RuTPU)RU\TPU\conf\2692  |t Инновационные технологии и экономика в машиностроении  |o сборник трудов IV Международной научно-практической конференции с элементами научной школы для молодых ученых, 23-25 мая 2013 г., Юрга  |f Национальный исследовательский Томский политехнический университет (ТПУ), Юргинский технологический институт (ЮТИ) ; под ред. Д. А. Чинахова  |v [С. 456-458]  |d 2013 
610 1 |a труды учёных ТПУ 
610 1 |a электронный ресурс 
610 1 |a Китай 
610 1 |a экономическое развитие 
610 1 |a подъем 
610 1 |a экономическая политика 
610 1 |a реформы 
610 1 |a КНР 
700 1 |a Трифонов  |b В. А.  |c экономист  |c доцент Юргинского технологического института Томского политехнического университета, кандидат экономических наук  |f 1964-  |g Владимир Александрович  |2 stltpush  |3 (RuTPU)RU\TPU\pers\31908  |9 15978 
712 0 2 |a Национальный исследовательский Томский политехнический университет (ТПУ)  |b Юргинский технологический институт (филиал) (ЮТИ)  |b Кафедра экономики и автоматизации систем управления (ЭАСУ)  |h 360  |2 stltpush  |3 (RuTPU)RU\TPU\col\18900 
801 2 |a RU  |b 63413507  |c 20140526  |g RCR 
856 4 |u http://www.lib.tpu.ru/fulltext/c/2013/C30/124.pdf 
942 |c BK